Jeden z Dziesięciu - trudne pytania #03 - Statystyki

Ogólne statystyki
  • Ten quiz został rozwiązany 30 razy
  • Średni wynik to 7 z 20
Statystyki odpowiedzi
Pytania Odpowiedź % Poprawnych
Jak nazywał się bramkarz, którego nazywano człowiekiem, który zatrzymał Anglię? Jan Tomaszewski
82%
Jak nazywa się człowiek, który zdobył największą liczbę medali olimpijskich w historii? Michael Phelps
79%
Jak nazywał się jacht, którym Leonid Teliga opłynął świat? Opty
54%
Jaka liczba jest tytułem filmu Federica Felliniego z 1963 roku? Osiem i pół
43%
Kim był Annasz dla Kajfasza? teściem
43%
Ile wynosi długość równika ziemskiego? (Można podać w zaokrągleniu do tysięcy.) 40 076 kilometrów
39%
Ile waży dysk w rzucie dyskiem kobiet? 1 kilogram
36%
Co po japońsku znaczy słowo yama? góra
32%
Jaka jest największa wyspa w archipelagu Marianów? Guam
32%
Jak nazywała się kobieta, która jako pierwsza została sekretarką stanu USA? Madalaine Albright
32%
Jak w Starej baśni nazywała się żona Chwosta, okrutna Niemka? Brunhilda
29%
Jak nazywała się sztuka Victora Hugo, na podstawie której powstała opera Rigoletto Giuseppego Verdiego? Król się bawi
29%
Czym są dzwony rurowe? instrumentem muzycznym z grupy idiofonów
29%
Który zespół stworzył albumy muzyczne: Znaki szczególne, Nocny patrol, Hotel Nirwana? Maanam
29%
Jaki taniec jest najbardziej znaną częścią Kwartetu smyczkowego E-dur z 1771 r. autorstwa Luigiego Boccheriniego? menuet
29%
Którą chorobę nazywa się chorobą Hansena? trąd
29%
Kto kończył swoje programy słowami I to by było na tyle? Jan Tadeusz Stanisławski
25%
Jak nazywał się twórca postaci kota Garfielda? Jim Davies
25%
Jak nazywa się dział zoologii badający mięczaki? malakologia
25%
Jak w akustyce nazywa się część składowa dźwięku o przebiegu sinusoidalnym? alikwot
21%
Nie znaleziono quizów pasujących do podanych kryteriów
Rozkład punktacji
Procent ludzi z każdym wynikiem
Percentyl według liczby udzielonych odpowiedzi
Twoja historia wyników
Nie rozwiązałeś tego quizu